Enterprise in soap and chemicals : Joseph Crosfield & Sons, Limited, 1815-1965
Uloženo v:
| Hlavní autor: | |
|---|---|
| Médium: | Kniha |
| Jazyk: | Undetermined |
| Vydáno: |
London
Manchester University Press
1844
|
| Témata: | |
| Tagy: |
Přidat tag
Žádné tagy, Buďte první, kdo otaguje tento záznam!
|
| Thư viện lưu trữ: | Trung tâm Học liệu Trường Đại học Cần Thơ |
|---|
| LEADER | 00553nam a2200193Ia 4500 | ||
|---|---|---|---|
| 001 | CTU_84483 | ||
| 008 | 210402s9999 xx 000 0 und d | ||
| 082 | |a 338.7 | ||
| 082 | |b M989 | ||
| 100 | |a Musson, A. E. | ||
| 245 | 0 | |a Enterprise in soap and chemicals : | |
| 245 | 0 | |b Joseph Crosfield & Sons, Limited, 1815-1965 | |
| 245 | 0 | |c A. E. Musson | |
| 260 | |a London | ||
| 260 | |b Manchester University Press | ||
| 260 | |c 1844 | ||
| 650 | |a Chemicals,Enterprise | ||
| 904 | |i Qhieu(sửa) | ||
| 980 | |a Trung tâm Học liệu Trường Đại học Cần Thơ | ||